LIBRARY & INFORMATION CENTRE, KCAET, TAVANUR

ONLINE PUBLIC ACCESS CATALOGUE (OPAC)

Puthunovalukalile rashtreeyam / | പുതുനോവലുകളിലെ രാഷ്ട്രീയം (Record no. 19503)

MARC details
000 -LEADER
fixed length control field 00441nam a22001457a 4500
003 - CONTROL NUMBER IDENTIFIER
control field OSt
008 - FIXED-LENGTH DATA ELEMENTS--GENERAL INFORMATION
fixed length control field 250902b |||||||| |||| 00| 0 eng d
041 ## - LANGUAGE CODE
Language code of text/sound track or separate title mal
082 ## - DEWEY DECIMAL CLASSIFICATION NUMBER
Classification number 894.8127
Item number SAB/PU
100 ## - MAIN ENTRY--AUTHOR NAME
Personal name Sabeer A, Muhamed
245 ## - TITLE STATEMENT
Title Puthunovalukalile rashtreeyam /
Remainder of title പുതുനോവലുകളിലെ രാഷ്ട്രീയം
260 ## - PUBLICATION, DISTRIBUTION, ETC. (IMPRINT)
Place of publication Thiruvananthapuram :
Name of publisher Mythri Books,
Year of publication 2018.
300 ## - PHYSICAL DESCRIPTION
Number of Pages 162 p.
942 ## - ADDED ENTRY ELEMENTS (KOHA)
Koha item type Books
Holdings
Withdrawn status Lost status Damaged status Home library Current library Date acquired Source of acquisition Cost, normal purchase price Full call number Accession Number Koha item type
      KAUAET KAUAET 02/09/2025 Donated by KT Jaleel MLA 150.00 894.8127 SAB/PU 26321 Books
free website counter